000 00852nam a2200229 a 4500
008 120416s1999 ||||||||||||||||| || u
020 _a0340719206
050 _aTA 405 Cas
100 _aChilver, Henry, Sir
245 1 0 _aStrength of materials and structures
250 _a4th ed.
260 _aLondon:
_bArnold
_c1999
300 _axii, 706 p.
350 _a0.00
500 _aFirst ed. published in 1959 under title: Strength of materials.
650 0 _aSTRENGTH OF MATERIALS
700 _aCase, John, 1888-1969
700 _aRoss, C. T. F., 1935-
856 _uhttp://www.loc.gov/catdir/description/els031/00265562.html
856 _uhttp://www.loc.gov/catdir/toc/els051/00265562.html
995 _D0.00
_FCBU-MAIN LIBRARY (Kitwe)
_H1
_I30.00
_M1
_UDAMAGED
_ZMain Library Open Access Collection
999 _c58616
_d58616